Представление документа в формате RUSMARC

ПолеНазваниеЗначение
  Тип записи k
  Библиографический уровень m
001 Контрольный номер RU/SLIB/B/208717372
005 Дата корректировки 20201206203933.4
010 Индекс ISBN __
d Цена 1-20
101 Язык документа 0_
a Язык текста rus
200 Заглавие и сведения об ответственности 1_
a Заглавие Мир в открытке
b Общее обозначение материала Изоматериал
210 Выходные данные __
a Место издания М.
c Издательство Изобраз. искусство
d Дата издания 1978
215 Физическое описание __
a Объем 128 с.
c Иллюстрации/тип воспроизводства ил.
320 Библиография __
a Библиография Библиогр.:с.119-123
600 Персоналии __
a Персоналии (Фамилия) Тагрин, Н.
606 Тематические рубрики __
a Основная рубрика Книжное дело
606 Тематические рубрики __
a Основная рубрика Коллекционирование произведений печати
610 Ключевые слова __
a Ключевые слова коллекции; филокартия
686 Индексы других классификаций __
a Классификационный индекс 76.197
700 Автор _1
a Фамилия Тагрин
b Имя Н. С.
4 Код отношения 070
801 Источник записи _0
a Страна RU
b Организация Муниципальное бюджетное учреждение культуры "Централизованная библиотечная система" г. Сургут (Центральная городская библиотека им. А. С. Пушкина)
g Правила каталогизации К/Кундохова
801 Источник записи _1
a Страна RU
b Организация Муниципальное бюджетное учреждение культуры "Централизованная библиотечная система" г. Сургут (Центральная городская библиотека им. А. С. Пушкина)
g Правила каталогизации К/Кундохова
852 Данные о местонахождении __
j Шифр хранения 76.197
c Каталожный индекс 76.19
i Авторский знак Т13
p Инвентарный номер 126268(с); 126118(с)
901 Тип документа __
t Тип документа m
969 Тип издания __
a Тип издания открытки
990 Данные о заказе (DOS) __
j Количество экземпляров (DOS) 2